Gulliver's travels

Bibliographic Details
Other Authors: Edited by Shilpi & Deepti
Format: Book
Published: Kuala Lumpur : Scholar's Publications
Series:Magical fairy tales
Subjects:

MARC

LEADER 00000cam a2200000 7i4500
001 0000001551
005 20151222.0
008 070705
020 |a 9833435386(set) 
020 |a 9833435440 
090 0 0 |a JF   |b FT ENG (1591) 
245 0 0 |a Gulliver's travels   |c Edited by Shilpi & Deepti 
260 |a Kuala Lumpur :   |b Scholar's Publications 
440 |a Magical fairy tales 
500 |a Children ages 7-9 years old (orange) 
650 0 |a Fairy Tales 
650 0 |a Junior fiction   |x English   |x Languages 
700 1 |a Edited by Shilpi & Deepti 
999 |a 0000962506   |b Book   |c Children Collection   |e Perbadanan Perpustakaan Awam Johor 
999 |a 0000962507   |b Book   |c Children Collection   |e Perbadanan Perpustakaan Awam Johor 
999 |a 0000962508   |b Book   |c Children Collection   |e Perbadanan Perpustakaan Awam Johor 
999 |a 0000973629   |b Book   |c Children Collection   |e Perbadanan Perpustakaan Awam Johor 
999 |a 0000973630   |b Book   |c Children Collection   |e Perbadanan Perpustakaan Awam Johor